Novetats editorials
Descripción Física:
Fulletons ; 21 cm
Materias:
Barcelona. Diputació -- Catàlegs
MARC
| LEADER | 00000nam a2200000Ia 4500 | ||
|---|---|---|---|
| 001 | 10997, 10998, 10868, 19370, 10869, 10870, 19371, 19374, 11747, 19372, 19373, 19375, 19376, 11748, 11749, 11823, 19377, 12109, 12108, 12148, 12220, 12378, 12379, 12473, 12603, 12736, 13142, 13143, 14939, 14940, 14943, 15454, 15455, 15655 | ||
| 008 | 160829s1993 - xx 000 0 cat d | ||
| 080 | |a FU-12-12, FU-12-13, FU-12-14, FU-5-27, FU-12-15, FU-12-16, FU-5-28, FU-5-30, FU-12-17, FU-5-31, FU-5-32, FU-5-33, FU-5-34, FU-12-18, FU-12-19, FU-12-20, FU-5-37, FU-12-21, FU-12-22, FU-12-23, FU-12-24, FU-12-25, FU-12-26, FU-12-27, FU-12-28, FU-12-29, FU-12-30, FU-12-31, FU-29-41, FU-29-42, FU-29-43, FU-35-49, FU-35-50, FU-39-23 | ||
| 110 | |a Barcelona (Catalunya : Província). |b Institut d'Edicions |9 53854 |e entitat autora | ||
| 245 | 1 | 0 | |a Novetats editorials |
| 260 | |a Barcelona : |b Diputació de Barcelona. Institut d'Edicions, |c 1993- | ||
| 300 | |a Fulletons ; |c 21 cm | ||
| 590 | |a trimestral | ||
| 650 | |a Barcelona. Diputació |x Catàlegs |9 22986 | ||
| 866 | |a 1993 (gen.-març, oct.-des.); 1994 (abr.-juny, jul.-set., oct.-des.); 1995 (gen.-març, jul.-set., oct.-des.); 1996 (gen.-març, abr.-juny, jul.-set., oct.-des.); 1997 (gen.-març, abr.-juny, jul.-set., oct.-des.); 1998 (gen.-març, abr.-juny, jul.-set., oct.-des.); 1999 (gen.-març, abr.-juny, jul.-set., oct.-des.); 2000 (gen.-març, abr.-juny, jul.-set., oct.-des.); 2001(gen.-març, abr.-juny, oct.-des.); 2002 (gen.-març, abr.-juny, oct.-des.) | ||
| 901 | |a Arxiu | ||
| 942 | |n 1 |2 udc |c ARXIU | ||
| 952 | |0 0 |1 0 |4 0 |6 FU1231 |7 1 |9 48774 |a Arxiu |b Arxiu |d 2016-12-01 |h 2001 (abril-maig-juny) |o FU-12-31 |p 13143 |r 2016-12-01 00:00:00 |w 2016-12-01 |y ARXIU | ||
| 952 | |0 0 |1 0 |4 0 |6 FU1212 |7 1 |9 65725 |a Arxiu |b Arxiu |d 2023-03-21 |h 1993 (gener-febrer-març) |l 0 |o FU-12-12 |p 10997 |r 2023-03-21 00:00:00 |w 2023-03-21 |y ARXIU | ||
| 952 | |0 0 |1 0 |4 0 |6 FU1213 |7 1 |9 65726 |a Arxiu |b Arxiu |d 2023-03-21 |h 1993 (octubre-novembre-desembre) |l 0 |o FU-12-13 |p 10998 |r 2023-03-21 00:00:00 |w 2023-03-21 |y ARXIU | ||
| 952 | |0 0 |1 0 |4 0 |6 FU1214 |7 1 |9 65727 |a Arxiu |b Arxiu |d 2023-03-21 |h 1994 (abril-maig-juny) |l 0 |o FU-12-14 |p 10868 |r 2023-03-21 00:00:00 |w 2023-03-21 |y ARXIU | ||
| 952 | |0 0 |1 0 |4 0 |6 FU1215 |7 1 |9 65728 |a Arxiu |b Arxiu |d 2023-03-21 |h 1994 (octubre-novembre-desembre) |l 0 |o FU-12-15 |p 10869 |r 2023-03-21 00:00:00 |w 2023-03-21 |y ARXIU | ||
| 952 | |0 0 |1 0 |4 0 |6 FU1216 |7 1 |9 65729 |a Arxiu |b Arxiu |d 2023-03-21 |h 1995 (gener-febrer-març) |l 0 |o FU-12-16 |p 10870 |r 2023-03-21 00:00:00 |w 2023-03-21 |y ARXIU | ||
| 952 | |0 0 |1 0 |4 0 |6 FU1217 |7 1 |9 65730 |a Arxiu |b Arxiu |d 2023-03-21 |h 1997 (gener-febrer-març) |l 0 |o FU-12-17 |p 11747 |r 2023-03-21 00:00:00 |w 2023-03-21 |y ARXIU | ||
| 952 | |0 0 |1 0 |4 0 |6 FU1218 |7 1 |9 65731 |a Arxiu |b Arxiu |d 2023-03-21 |h 1997 (abril-maig-juny) |l 0 |o FU-12-18 |p 11748 |r 2023-03-21 00:00:00 |w 2023-03-21 |y ARXIU | ||
| 952 | |0 0 |1 0 |4 0 |6 FU1219 |7 1 |9 65732 |a Arxiu |b Arxiu |d 2023-03-21 |h 1997 (juliol-agost-setembre) |l 0 |o FU-12-19 |p 11749 |r 2023-03-21 00:00:00 |w 2023-03-21 |y ARXIU | ||
| 952 | |0 0 |1 0 |4 0 |6 FU1220 |7 1 |9 65733 |a Arxiu |b Arxiu |d 2023-03-21 |h 1997 (octubre-novembre-desembre) |l 0 |o FU-12-20 |p 11823 |r 2023-03-21 00:00:00 |w 2023-03-21 |y ARXIU | ||
| 952 | |0 0 |1 0 |4 0 |6 FU1221 |7 1 |9 65734 |a Arxiu |b Arxiu |d 2023-03-21 |h 1998 (abril-maig-juny) |l 0 |o FU-12-21 |p 12109 |r 2023-03-21 00:00:00 |w 2023-03-21 |y ARXIU | ||
| 952 | |0 0 |1 0 |4 0 |6 FU1222 |7 1 |9 65735 |a Arxiu |b Arxiu |d 2023-03-21 |h 1998 (juliol-agost-setembre) |l 0 |o FU-12-22 |p 12108 |r 2023-03-21 00:00:00 |w 2023-03-21 |y ARXIU | ||
| 952 | |0 0 |1 0 |4 0 |6 FU1223 |7 1 |9 65741 |a Arxiu |b Arxiu |d 2023-03-22 |h 1998 (octubre-novembre-desembre) |l 0 |o FU-12-23 |p 12148 |r 2023-03-22 00:00:00 |w 2023-03-22 |y ARXIU | ||
| 952 | |0 0 |1 0 |4 0 |6 FU1224 |7 1 |9 65742 |a Arxiu |b Arxiu |d 2023-03-22 |h 1999 (gener-febrer-març) |l 0 |o FU-12-24 |p 12220 |r 2023-03-22 00:00:00 |w 2023-03-22 |y ARXIU | ||
| 952 | |0 0 |1 0 |4 0 |6 FU1225 |7 1 |9 65743 |a Arxiu |b Arxiu |d 2023-03-22 |h 1999 (abril-maig-juny) |l 0 |o FU-12-25 |p 12378 |r 2023-03-22 00:00:00 |w 2023-03-22 |y ARXIU | ||
| 952 | |0 0 |1 0 |4 0 |6 FU1226 |7 1 |9 65744 |a Arxiu |b Arxiu |d 2023-03-22 |h 1999 (juliol-agost-setembre) |l 0 |o FU-12-26 |p 12379 |r 2023-03-22 00:00:00 |w 2023-03-22 |y ARXIU | ||
| 952 | |0 0 |1 0 |4 0 |6 FU1227 |7 1 |9 65745 |a Arxiu |b Arxiu |d 2023-03-22 |h 1999 (octubre-novembre-desembre) |l 0 |o FU-12-27 |p 12473 |r 2023-03-22 00:00:00 |w 2023-03-22 |y ARXIU | ||
| 952 | |0 0 |1 0 |4 0 |6 FU1228 |7 1 |9 65746 |a Arxiu |b Arxiu |d 2023-03-22 |h 2000 (gener-febrer-març) |l 0 |o FU-12-28 |p 12603 |r 2023-03-22 00:00:00 |w 2023-03-22 |y ARXIU | ||
| 952 | |0 0 |1 0 |4 0 |6 FU1229 |7 1 |9 65747 |a Arxiu |b Arxiu |d 2023-03-22 |h 2000 (abril-maig-juny) |l 0 |o FU-12-29 |p 12736 |r 2023-03-22 00:00:00 |w 2023-03-22 |y ARXIU | ||
| 952 | |0 0 |1 0 |4 0 |6 FU1230 |7 1 |9 65748 |a Arxiu |b Arxiu |d 2023-03-22 |h 2001 (gener-febrer-març) |l 0 |o FU-12-30 |p 13142 |r 2023-03-22 00:00:00 |w 2023-03-22 |y ARXIU | ||
| 952 | |0 0 |1 0 |4 0 |6 FU2941 |7 1 |9 65855 |a Arxiu |b Arxiu |d 2023-03-29 |h 2002 (gener-febrer-març) |l 0 |o FU-29-41 |p 14939 |r 2023-03-29 00:00:00 |w 2023-03-29 |y ARXIU | ||
| 952 | |0 0 |1 0 |4 0 |6 FU2942 |7 1 |9 65856 |a Arxiu |b Arxiu |d 2023-03-29 |h 2002 (abril-maig-juny) |l 0 |o FU-29-42 |p 14940 |r 2023-03-29 00:00:00 |w 2023-03-29 |y ARXIU | ||
| 952 | |0 0 |1 0 |4 0 |6 FU2943 |7 1 |9 65857 |a Arxiu |b Arxiu |d 2023-03-29 |h 2002 (octubre-novembre-desembre) |l 0 |o FU-29-43 |p 14943 |r 2023-03-29 00:00:00 |w 2023-03-29 |y ARXIU | ||
| 952 | |0 0 |1 0 |4 0 |6 FU3550 |7 1 |9 65907 |a Arxiu |b Arxiu |d 2023-03-30 |h 2000 (octubre-novembre-desembre) |l 0 |o FU-35-50 |p 15455 |r 2023-03-30 00:00:00 |w 2023-03-30 |y ARXIU | ||
| 952 | |0 0 |1 0 |4 0 |6 FU3549 |7 1 |9 65908 |a Arxiu |b Arxiu |d 2023-03-30 |h 2000 (juliol-agost-setembre) |l 0 |o FU-35-49 |p 15454 |r 2023-03-30 00:00:00 |w 2023-03-30 |y ARXIU | ||
| 952 | |0 0 |1 0 |4 0 |6 FU527 |7 1 |9 66215 |a Arxiu |b Arxiu |d 2023-05-02 |h 1994 (juliol-agost-setembre) |l 0 |o FU-5-27 |p 19370 |r 2023-05-02 00:00:00 |w 2023-05-02 |y ARXIU | ||
| 952 | |0 0 |1 0 |4 0 |6 FU528 |7 1 |9 66216 |a Arxiu |b Arxiu |d 2023-05-02 |h 1995 (juliol-agost-setembre) |l 0 |o FU-5-28 |p 19371 |r 2023-05-02 00:00:00 |w 2023-05-02 |y ARXIU | ||
| 952 | |0 0 |1 0 |4 0 |6 FU531 |7 1 |9 66217 |a Arxiu |b Arxiu |d 2023-05-02 |h 1996 (gener-febrer-març) |l 0 |o FU-5-31 |p 19372 |r 2023-05-02 00:00:00 |w 2023-05-02 |y ARXIU | ||
| 952 | |0 0 |1 0 |4 0 |6 FU532 |7 1 |9 66218 |a Arxiu |b Arxiu |d 2023-05-02 |h 1996 (abril-maig-juny) |o FU-5-32 |p 19373 |r 2023-05-02 00:00:00 |w 2023-05-02 |y ARXIU | ||
| 952 | |0 0 |1 0 |4 0 |6 FU533 |7 1 |9 66219 |a Arxiu |b Arxiu |d 2023-05-02 |h 1996 (juliol-agost-setembre) |l 0 |o FU-5-33 |p 19375 |r 2023-05-02 00:00:00 |w 2023-05-02 |y ARXIU | ||
| 952 | |0 0 |1 0 |4 0 |6 FU534 |7 1 |9 66221 |a Arxiu |b Arxiu |d 2023-05-02 |h 1996 (octubre-novembre-desembre) |l 0 |o FU-5-34 |p 19376 |r 2023-05-02 00:00:00 |w 2023-05-02 |y ARXIU | ||
| 952 | |0 0 |1 0 |4 0 |6 FU537 |7 1 |9 66222 |a Arxiu |b Arxiu |d 2023-05-02 |h 1998 (gener-febrer-març) |l 0 |o FU-5-37 |p 19377 |r 2023-05-02 00:00:00 |w 2023-05-02 |y ARXIU | ||
| 952 | |0 0 |1 0 |4 0 |6 FU530 |7 1 |9 66223 |a Arxiu |b Arxiu |d 2023-05-02 |h 1995 (octubre-novembre-desembre) |l 0 |o FU-5-30 |p 19374 |r 2023-05-02 00:00:00 |w 2023-05-02 |y ARXIU | ||
| 999 | |c 52605 |d 52605 | ||